Food and Nutrition security / (Record no. 145056)

MARC details
000 -LEADER
fixed length control field 00636nam a22002057a 4500
010 ## - LCCN (DPL NO)
LC control number ENG-120428
020 ## - INTERNATIONAL STANDARD BOOK NUMBER
Terms of availability 495.00
International Standard Book Number 9788186772515
035 ## - SYSTEM CONTROL NUMBER
System control number EN-103960
037 ## - SOURCE OF ACQUISITION
Source of stock number/acquisition DBAD/PUB
082 ## - DEWEY DECIMAL CLASSIFICATION NUMBER
Classification number 630.18
100 ## - MAIN ENTRY--PERSONAL NAME
Personal name Verma, Mithilesh
245 ## - TITLE STATEMENT
Title Food and Nutrition security /
Statement of responsibility, etc by Mithilesh Verma
260 ## - PUBLICATION, DISTRIBUTION, ETC. (IMPRINT)
Place of publication, distribution, etc New Delhi
Name of publisher, distributor, etc New Academic Publishers
Date of publication, distribution, etc 2012
270 ## - ADDRESS
Address 4760-61,23,Ansari Road,Daryaganj
City New Delhi
Postal code 110002
300 ## - PHYSICAL DESCRIPTION
Extent 100p.
Dimensions 22cm(Hb)
Other physical details ill.(col.)
500 ## - GENERAL NOTE
General note Includes bibliographical references
700 ## - ADDED ENTRY--PERSONAL NAME
Dates associated with a name Fellows,Anjana
700 ## - ADDED ENTRY--PERSONAL NAME
Dates associated with a name Kunwar, Neelma
942 ## - ADDED ENTRY ELEMENTS (KOHA)
Source of classification or shelving scheme Dewey Decimal Classification
Item type English Books
Classification part 630.18
Call number suffix Foo
Holdings
Withdrawn status Lost status Not for loan Collection code Home library Current library Date acquired Source of acquisition Cost, normal purchase price Full call number Barcode Copy number Cost, replacement price Koha item type
    Not For Loan Non-fiction D.B.Act.Division D.B.Act.Division 20/09/2017 DBAD/PUB 495.00 630.18 Foo EN-103960 1 495.00 English Books

© Delhi Public Library
Hit Counter
free hit counter